000 01597nam a22001577a 4500
999 _c517464
_d517464
008 210715b ||||| |||| 00| 0 eng d
100 _aShaw, Richard and Eichbaum, Chris
_926678
245 _aBubbling up or cascading down: Public servants, political advisers and politicization
260 _aPublic Administration: An International Quarterly
300 _a98(4), Dec, 2020: p.840-855
520 _aOne of the strands in the growing scholarship on political advisers in parliamentary democracies proposes that advisers can reduce the risk of civil service politicization by furnishing partisan advice to ministers, freeing civil servants to focus on the provision of expert competence. This benign narrative generates a significant hypothesis, which is that the institutionalization of the partisan role diminishes the risk of civil service politicization. That hypothesis has yet to be fully tested. Several studies have assessed the impact of advisers' actions on civil service impartiality, but the consequences of bureaucrats' own agency for that dependent variable have received far less attention. Drawing on data from a survey of New Zealand public servants, this article challenges the assumption in the political advisers literature that civil service politicization is primarily driven by exogenous factors and calls for a more nuanced theoretical approach to endogenous aspects of politicization. – Reproduced
650 _aPublic Administration, Public servants
_926679
773 _aPublic Administration: An International Quarterly
906 _aCIVIL SERVICE
942 _cAR